Statistics for "Стан" државе

Click here to take the quiz!

General Stats

  • This quiz has been taken 430 times
  • The average score is 6 of 7

Answer Stats

Држава% Correct
Туркменистан
91%
Таџикистан
88%
Киргистан
87%
Узбекистан
87%
Казахстан
84%
Пакистан
84%
Авганистан
82%

Score Distribution

Percentile by Number Answered

Percent of People with Each Score

Your Score History

You have not taken this quiz